Irwin Law The Law of Torts (Fourth Edition) /

Detalles Bibliográficos
Autor principal: H. Osborne, Philip
Formato: eBook
Lenguaje:inglés
Publicado: Toronto: Irwin Law Inc., 2011
Edición:Fourth Edition
Materias:
Acceso en línea:Acceso restringido

MARC

LEADER 00000nam a22000007a 4500
005 20171102193110.0
007 cr|||| ||||
008 171102s2011 xxc|||||s|||| 00||0 eng d
020 |a 978-1-55221-213-4 
035 |a 20685 
040 |a vLex 
090 |c 7196  |d 7196 
100 1 |a H. Osborne, Philip 
245 1 0 |a Irwin Law  |h [Recurso electrn̤ico] :  |b The Law of Torts (Fourth Edition) /  |c Philip H. Osborne - Faculty of Law. The University of Manitoba 
250 |a Fourth Edition 
256 |a Servicio en ln̕ea 
260 |a Toronto:  |b Irwin Law Inc.,  |c 2011 
300 |a 1 recurso electrn̤ico 
506 1 |a Disponible solo en los productos indicados  |d vLex Global  |d vLex Global (Academic Edition, excluding Law Schools)  |d vLex Global (U.S. Academic Edition, Law Schools)  |d vLex Global (U.S. Academic Edition, excluding Law Schools)  |d vLex Global (Academic Edition, Law Schools) 
650 0 4 |a Derecho civil  |z Canad̀ 
740 0 |a vLex Libros (Servicio en ln̕ea) 
856 4 0 |u http://vlex.com/source/law-torts-20685  |z Acceso restringido 
942 |c BOOK 
999 0 |a Civil law